000 00659nam a22002417a 4500
003 UA-OsUOA
001 286
007 ta
008 20050525b un ||||| |||| 00| 0 ukr d
100 _aМаклін А.
090 _a821.111
_bМ15
942 _cBK
040 _aUA-OsUOA
_brus
_cUA-OsUOA
_dUA-OsUOA
245 _aЛялька наланцюжку. Золоте рандеву
_bПер.з англ.
300 _a423 с.
955 _a3
041 _arus
080 _a821.111
020 _a5-319-00916-Х
260 _aК.
_bУкраїна
_c1992
650 7 _a82 Література. Літературознавство
_2UDC
999 _c286442
_d286442